00483nam a2200193 a 4500001001300000003000900013005001700022008004100039020000800080082001700088100001900105245002800124260004900152300000800201500003500209505001000244650001600254700001900270nice12345678IN_TiNIC20260116011521.0050524s1938 boma grp 000 0 eng  ac000a891.41bJAM2 aJamil, M Tahir aHali`s Poetryb a Study aBombaybD. B. Taralporevala Sons & Co.c1938 a138 aincludes index and biblioraphy2 aIndex aUrdu-Poetry1 aJamil, M Tahir